000 01284nam0a22003131 4500
001 RU\NLR\A2\5837
005 20260407102411.0
035 _a(NLR Aleph) 009859354
090 _a10379830
_c10379830
100 _a19970605d1767 u y0rusy50 ca
101 0 _alat
102 _aRU
200 1 _aOratio de anima legum die natali augustissimae et potentissimae dominae dominae Catharinae II. imperatricis et autocratoris omnium Russiarum etc. in solemni Universitatis Moscvensis celebritate d. 9. Calend. Maii 1767. dicta a Johanne Matthia Schaden, L.L.A.A. Magist. Philosoph. Doct. eiusdemque in Universitate Prof. Publ. Ordin. ac utriusque Gymnas. rector
210 _aMoscvae [Moskva]
_cTypis Universitatis Caesareae Moscvensis
_d1767
215 _a34 с.
_d
321 1 _aСК XVIII(ин.) 2472
600 0 _6z01690
_aEkaterina
_cимп.
_dII
_f1729-1796
620 _dMoskva
690 0 _6z01600
_aCatharina
_dII
700 1 _6z02790
_aSchaden
_bJ.M.
_f1731-1797
_gJohann Matthias
_4070
712 0 1 _4610
_8lat
_aMosqua
_bUniversitas
_bTypographia
_7ba
_3RU\NLR\AUTH\889930224
_9356034
790 1 _6z02700
_aSchaden
_gJohannes Matthias
_4070
801 0 _aRU
_bNLR
_c19970605
852 _aNLR
_j10.26.1.25
942 _cBOOK
980 _aNB
980 9 _akprsl
980 _ain18